000 00441nam a2200169Ia 4500
005 20250305023245.0
008 240331s9999 xx 000 0 und d
020 _a9558309036
082 _bSEN
_a954
100 _aSeneviratne, M
245 2 _aA lasting storm :
_bSri Lanka 1948-2001
260 _aColombo
_bWimal Enterprises
_c2000
300 _aiii, 165 p .,
650 _a British colonization
650 _aSri Lankan Army
942 _cL
999 _c1349
_d1349